| 000 | 00396pab a2200157 454500 | ||
|---|---|---|---|
| 008 | 180718b2012 xxu||||| |||| 00| 0 eng d | ||
| 100 | _aSahasranaman, Anand | ||
| 245 | _aFinancing the development of small and medium cities | ||
| 260 | _c2012 | ||
| 300 | _ap.59-66. | ||
| 362 | _a16 Jun | ||
| 650 | _aUrbanization | ||
| 773 | _aEconomic and Political Weekly | ||
| 908 | _aN | ||
| 909 | _a96717 | ||
| 999 |
_c96717 _d96717 |
||